Before you invest : question and answer on real estate

Bibliographic Details
Main Author: Snyder, Earl A.
Format: Book
Published: Virginia : Reston , c1981
Subjects:

MARC

LEADER 00000cam a2200000 7i4500
001 0000007125
005 20021119.0
020 |a 0835904539 
040 |a INS 
090 0 0 |a HD1382.5.   |b S55 1981 
100 1 |a Snyder, Earl A. 
245 1 0 |a Before you invest :   |b question and answer on real estate   |c Earl A. Snyder 
260 |a Virginia :   |b Reston ,   |c c1981 
300 |a xi, 211 p. ;   |c 23 cm. 
650 0 0 |a Investment 
650 0 0 |a Real estate investment 
650 0 0 |a Real property surveys 
999 |a 0000000466   |b BOOK   |c Open Shelf   |e Default branch